Alphabet français - Statistiques

Statistiques générales
  • Ce quiz a été pris 1 204 fois
  • Le résultat moyen est 25 sur 26
Statistiques - réponses
Alphabet % Correct
A
100%
B
98%
E
98%
C
97%
D
97%
F
96%
G
96%
H
96%
I
96%
J
96%
R
96%
K
95%
L
95%
O
95%
Q
95%
S
95%
Z
95%
M
94%
N
94%
P
94%
T
94%
U
94%
V
93%
W
93%
Y
93%
X
92%
Aucun quiz correspondant
Distribution des résultats
% des personnes avec chaque résultat
Percentile par nombre de réponses
Votre historique - résultats
Vous n’avez pas pris ce quiz